000 01971nam2a22002891 4500
001 v19\rc\1727037
005 20260406100420.0
035 _a(NLR Aleph) 005247254
090 _a5766890
_c5766890
100 _a20061002d1902 |||y0rusy50 ca
101 0 _arus
102 _aRU
105 _ay z |||||
200 1 _aPrimulaceae, Plumbaginaceae, Ebenaceae, Styraceae, Oleaceae, Gentianaceae
_e[1-й вып. IV ч. (л. 9-17)]
_fОбраб. Н. Кузнецов
210 _d1902
_aБ. м.
215 _a[4], 129-272, 33-208 с.
225 1 _aТруды Санкт-Петербургского общества естествоиспытателей
_iОтделение ботаники/Под ред. И. Бородина
_vТ. 32, вып. 3
423 0 _11010#$arus
_12001#$aRanunculaceae, Berberidaceae$e[3-й вып. III-й ч. (л. 3-13)]$fОбраб. Н. Буш
_1700#1$aБуш$bН.А.$f1869-1941$gНиколай Адольфович
_tRanunculaceae, Berberidaceae
_aБуш, Николай Адольфович (1869-1941)
461 0 _1001v19\rc\1727035
_12001#$aМатериалы для флоры Кавказа$eКрит. сист.-геогр. исслед.$e[В 4 ч.]. Вып. 1-12, 14-15, 17$fН. Кузнецов, Н. Буш, А. Фомин$vВып. 3-6
_95766872
_aКузнецов, Н. И. (геоботаник ; 1864-1932)
_cЮрьев
_d1901-1908
_fН. Кузнецов, Н. Буш, А. Фомин
_nтип. К. Маттисена
_oКрит. сист.-геогр. исслед. : [В 4 ч.]. Вып. 1-12, 14-15, 17
_p4 т.
_tМатериалы для флоры Кавказа
_vВып. 3-6
700 1 _7ca
_8rus
_aКузнецов
_bН. И.
_cгеоботаник
_f1864-1932
_gНиколай Иванович
_959458
_3RU\NLR\AUTH\7776530
801 2 _aRU
_bNLR
_c20090519
_2rusmarc
801 0 _aRU
_bNLR
_c20061002
_gpsbo
801 0 _aRU
_bRuMoRGB
_c20061002
_2psbo
801 1 _aRU
_bProSoft-M
_c20061002
_2rusmarc
852 _aNLR
_jП7/536
942 _cBOOK
980 _aNB